Yadoon ka perahan (Record no. 490620)
[ view plain ]
| 000 -LEADER | |
|---|---|
| fixed length control field | 00329nam a22001337a 4500 |
| 082 ## - DEWEY DECIMAL CLASSIFICATION NUMBER | |
| Classification number | 891.4391 BUK |
| 100 ## - MAIN ENTRY--PERSONAL NAME | |
| Personal name | Bukhari Karamat |
| 245 ## - TITLE STATEMENT | |
| Title | Yadoon ka perahan |
| 260 ## - PUBLICATION, DISTRIBUTION, ETC. | |
| Place of publication, distribution, etc. | Lahore |
| Name of publisher, distributor, etc. | Classic and Mawra Publishers |
| Date of publication, distribution, etc. | 1994 |
| 300 ## - PHYSICAL DESCRIPTION | |
| Extent | 168 |
| Other physical details | H.B |
| 650 ## - SUBJECT ADDED ENTRY--TOPICAL TERM | |
| Topical term or geographic name entry element | Yadoon ka perahan |
| 700 ## - ADDED ENTRY--PERSONAL NAME | |
| Personal name | Karamat Bukhari |
| 942 ## - ADDED ENTRY ELEMENTS (KOHA) | |
| Koha item type | Book |
| Withdrawn status | Lost status | Damaged status | Not for loan | Collection code | Permanent Location | Current Location | Shelving location | Date acquired | Source of acquisition | Cost, normal purchase price | Total Checkouts | Full call number | Barcode | Date last seen | Date last checked out | Price effective from | Koha item type |
|---|---|---|---|---|---|---|---|---|---|---|---|---|---|---|---|---|---|
| Central Library (CL) | Central Library (CL) | General Stacks | 01/04/2017 | Allied book company | 160.00 | 1 | 891.4391 BUK | SEECS013646 | 11/12/2021 | 06/27/2021 | 01/04/2017 | Book |
